000 00611nam a2200193Ia 4500
005 20260114185827.0
008 008 260114s9999 xx 000 0 eng d
020 _a9780755608324
037 _aEBOOK
040 _aCRL
_beng
_cCRL
041 _aeng
_2eng
084 _qCRL
100 _aSaud M. S. Al Tamamy
_9874884
245 0 _aAverroes, Kant and the Origins of the Enlightenment Reason and Revelation in Arab Thought
260 _bBloomsbury
_c2014
856 _uhttps://doi.org/10.5040/9780755608324?locatt=label:secondary_bloomsburyCollections
942 _cEBOOK
999 _c1473818
_d1473818